|
|
|
|
| LEADER |
00000nam0a2200000 4500 |
| 001 |
107552 |
| 005 |
20231031115324.0 |
| 035 |
|
|
|a (RuTPU)RU\TPU\book\116113
|
| 090 |
|
|
|a 107552
|
| 100 |
|
|
|a 20061226d2007 km y0rusy50 ca
|
| 101 |
0 |
|
|a rus
|
| 102 |
|
|
|a RU
|
| 105 |
|
|
|a a i 000zy
|
| 200 |
1 |
|
|a Научная и инновационная деятельность регионов Сибирского Федерального округа (2003-2006 гг.)
|e статистический сборник
|f Томская область, Комитет государственной статистики (Томскстат)
|
| 205 |
|
|
|a официальное изд.
|
| 210 |
|
|
|a Томск
|c Томскстат-Т
|d 2007
|
| 215 |
|
|
|a 112 с.
|c ил.
|
| 610 |
1 |
|
|a экономика
|
| 610 |
1 |
|
|a статистика
|
| 610 |
1 |
|
|a экономическая статистика
|
| 610 |
1 |
|
|a статистические показатели
|
| 610 |
1 |
|
|a Сибирь
|
| 610 |
1 |
|
|a Сибирский федеральный округ
|
| 610 |
1 |
|
|a научная деятельность
|
| 610 |
1 |
|
|a инновационная деятельность
|
| 610 |
1 |
|
|a наука
|
| 610 |
1 |
|
|a кадры
|
| 610 |
1 |
|
|a подготовка
|
| 610 |
1 |
|
|a научные исследования
|
| 610 |
1 |
|
|a технологии
|
| 686 |
|
|
|a У9(2Р5)-05
|v LBC/SL-A
|2 rubbk
|
| 686 |
|
|
|a Ч21(2Р5)-05
|v LBC/SL-A
|2 rubbk
|
| 712 |
0 |
1 |
|a Томская область
|b Комитет государственной статистики (Томскстат)
|2 stltpush
|3 (RuTPU)RU\TPU\col\372
|
| 801 |
|
1 |
|a RU
|b 63413507
|c 20061226
|g PSBO
|
| 801 |
|
2 |
|a RU
|b 63413507
|c 20120709
|g PSBO
|
| 942 |
|
|
|c BK
|
| 959 |
|
|
|a 115/20061225
|d 1
|e 500,00
|f ЧЗСИО:1
|